Normal view
MARC view
- Maldonado Rivera, Cosme Francisco
Entry Nombre Personal
001 - NUMERO DE CONTROL
- campo de control: 47645
003 - IDENTIFICADOR DE NUMERO DE CONTROL
- campo de control: UPN
005 - FECHA Y HORA DE LA ÜLTIMA TRANSACCIÓN
- campo de control: 20230119105437.0
008 - DATOS DE LONGITUD FIJA
- campo de control de longitud fija: 230119|| acn||aabn | a|a d
024 ## - OTROS IDENTIFICADORES NORMALIZADOS
- Fuente: orcid
- Número normalizado o código: 0000-0002-6412-0832
040 ## - FUENTE DE CATALOGACIÓN
- Agencia original de catalogación: MX-MxUPN
100 1# - ENCABEZAMIENTO - NOMBRE PERSONAL
- Nombre personal: Maldonado Rivera, Cosme Francisco
370 ## - LUGAR ASOCIADO
- Place of birth: México
371 ## - DIRECCIÓN
- Address: Calle Constitución 404, Zona Centro
- City: Durango
- Country: México
- Postal code: 34100
372 ## - CAMPO DE ACTIVIDAD
- Field of activity: Psicología, psicoterapia existencia, psicología de la salud
- Field of activity: Docencia e investigación
373 ## - GRUPO ASOCIADO
- Associated group: Universidad Juárez del Estado de Durango
374 ## - OCUPACIÓN
- Occupation: Doctor en Ciencias Médicas
- Occupation: Profesor e investigador universitario
375 ## - GÉNERO
- Gender: masculino
377 ## - LENGUA ASOCIADA
- Language code: spa
400 1# - VEÁSE - NOMBRE DE PERSONA
- Personal name: Rivera, Cosme Francisco Maldonado
400 1# - VEÁSE - NOMBRE DE PERSONA
- Personal name: Maldonado Rivera, C.F.
670 ## - FUENTE EN LA QUE SE LOCALIZARON DATOS
- Cita de la fuente: En recurso en línea Enseñanza e investigación en psicología Vol. 2, no. 3 (2020):
- Información localizada: página 1 (Cosme Francisco Maldonado Rivera)
- Uniform Resource Identifier: https://www.revistacneip.org/index.php/cneip/article/view/146/103
902 ## - CATALOGADOR
- Catalogador: RGJD/190123
